Batallas Napoleónicas - Estadísticas

Estadísticas generales
  • Esta prueba ha sido intentada 26 veces
  • La puntuación promedio es 6 de 12
Estadísticas de respuestas
Hint Respuesta % Correcto
¿En qué batalla de 1815 Napoleón fue finalmente derrotado, poniendo fin a su reinado? Batalla de Waterloo
90%
¿En qué batalla de 1805 Napoleón venció a la Tercera Coalición en una de sus victorias más famosas? Batalla de Austerlitz
76%
¿Qué batalla naval de 1805 resultó en la destrucción de la flota franco-española a manos de la Royal Navy? Batalla de Trafalgar
76%
¿Qué batalla de 1808 en España significó la primera gran derrota del ejército napoleónico? Batalla de Bailen
67%
¿Qué batalla de 1813 fue la más grande de las Guerras Napoleónicas y marcó el comienzo del declive de Napoleón? Batalla de Leipzig
62%
¿En qué batalla de 1812 Napoleón venció a los rusos pero sufrió grandes bajas antes de llegar a Moscú? Batalla de Borodino
52%
¿En qué batalla de 1798 la flota francesa fue destruida por el almirante Nelson en Egipto? Batalla del Nilo
52%
¿Qué batalla de 1806 llevó a la derrota total del ejército prusiano en un solo día? Batalla de Jena
43%
¿Qué batalla de 1800 aseguró el control francés sobre el norte de Italia? Batalla de Marengo
43%
¿Qué batalla de 1809 contra Austria consolidó el dominio francés en Europa Central? Batalla de Wagram
24%
¿En qué batalla de 1807 Napoleón derrotó al ejército ruso en Polonia? Batalla de Eylau
14%
¿En qué batalla de 1796 Napoleón obtuvo una victoria decisiva contra Austria en Italia, consolidando su fama como general? Batalla de Lodi
14%
No se encontraron pruebas coincidentes
Distribución de puntuación
Porcentaje de gente con cada puntuación
Porcentaje por número respondido
Historial de tus puntuaciones
No has intentado esta prueba.